00717nam a2200193 a 450000100100000000500170001000800410002704000250006808200170009310000510011024500690016126000580023030000230028849000290031183000360034004900090037695201210038599900170050600002409820200930022721.0110118s1941 ag r 000 0 spa d aDO-SdBNPbspacBNPHU axxxxxbM385c1 aMartínez Sierra, Gregorio,d1881-194792079310aCartas a las mujeres de América /cGregorio Martínez Sierra. aBuenos Aires, Argentina :bJuventud Argentina,c1941. a234 p. ;c20.5 cm.1 aBiblioteca de la esfinge 0aBiblioteca de la esfinge949503 aBNGR 001054708MOaGRbGRcCTd2011-01-18iLF1l0oxxxxx M385cp24098-10r2020-06-25w2020-06-25y4ZPréstamo en sala c23593d23593